| 000 | 00790nam a22002891a 4500 | ||
|---|---|---|---|
| 003 | AR-BaBN | ||
| 005 | 20250619113424.0 | ||
| 007 | ta | ||
| 008 | 070524s1994 ag |||||||||||||| ||spa | ||
| 015 | _aAR-1994 | ||
| 020 | _a9509515876 | ||
| 040 |
_aAR-BaBN _bspa _cAR-BaBN _eaacr |
||
| 044 |
_aag _car-c |
||
| 080 | _a159.964.4 | ||
| 100 | 1 | _aCourel, Raúl | |
| 245 | 1 | 0 |
_aPsiconálisis en el campo del goce/ _cCourel, Raúl |
| 260 |
_aBuenos Aires : _bManantial, _c1994. |
||
| 300 | _a140 p. | ||
| 650 |
_aPsicologia _9108 |
||
| 650 | _aPsicoanalisis | ||
| 700 | _aCourel, Raúl | ||
| 930 | 1 |
_lBNA01 _mLIBRO _600824079 _820110912 _f11 _s02 _n000 _o000381926 |
|
| 942 |
_2cdu _cBK |
||
| 956 |
_aGSL _b00 _c20110915 _lBNA01 _h2043 |
||
| 956 |
_aGSL _c20130614 _lBNA01 _h1555 |
||
| 999 |
_c6010 _d6010 |
||